[Event "Bronshoj Lang Weekend 2015"]
[Site "Copenhagen"]
[Date "2015.02.08"]
[Round "4"]
[White "Haugaard, Thomas"]
[Black "Kyrkjebo, Marte Bakken"]
[Result "1/2-1/2"]
[WhiteElo "1743"]
[BlackElo "1630"]
[PlyCount "88"]
[EventDate "2015.??.??"]
[EventType "swiss"]
[EventRounds "7"]
[EventCountry "DEN"]

1. e4 e5 2. Nf3 Nc6 3. Bb5 a6 4. Ba4 Nf6 5. O-O b5 6. Bb3 Be7 7. Re1 d6 8. c3
O-O 9. h3 Na5 10. Bc2 c5 11. d4 Qc7 12. Nbd2 cxd4 13. cxd4 Rd8 14. Nf1 exd4 15.
Nxd4 d5 16. e5 Ne4 17. Bf4 Bc5 18. Rc1 Qb6 19. Be3 Nc4 20. Nb3 Bxe3 21. Nxe3
Nxb2 22. Qe2 Nc3 23. Bxh7+ Kxh7 24. Qxb2 b4 25. a3 a5 26. Nxa5 Qxa5 27. axb4
Qa3 28. Qxc3 Qxc3 29. Rxc3 d4 30. Rd3 Ba6 31. Ra3 dxe3 32. Rexe3 Bb5 33. Rxa8
Rxa8 34. Kh2 Ra2 35. Kg3 Re2 36. Rxe2 Bxe2 37. h4 Kg6 38. Kf4 Kh5 39. g3 g6 40.
f3 Bc4 41. Ke4 g5 42. hxg5 Kxg5 43. Kd4 Be2 44. Ke4 Bb5 1/2-1/2

[Event "Bronshoj Lang Weekend 2015"]
[Site "Copenhagen"]
[Date "2015.02.08"]
[Round "4"]
[White "Henriksen, Christian Steen"]
[Black "Stojanovski, Sandi"]
[Result "0-1"]
[WhiteElo "1837"]
[BlackElo "2231"]
[PlyCount "74"]
[EventDate "2015.??.??"]
[EventType "swiss"]
[EventRounds "7"]
[EventCountry "DEN"]

1. d4 Nf6 2. c4 e6 3. Nc3 Bb4 4. Nf3 b6 5. Bg5 h6 6. Bh4 Bb7 7. Qb3 Be7 8. e3
O-O 9. Bd3 d5 10. cxd5 exd5 11. O-O Nbd7 12. Ne5 Nxe5 13. dxe5 Nd7 14. Bxe7
Qxe7 15. Nxd5 Qxe5 16. Nf4 Nc5 17. Qc2 Nxd3 18. Nxd3 Qe4 19. Ne1 Qe6 20. Nd3 c5
21. Nf4 Qe5 22. b3 Rfd8 23. Rad1 Qe4 24. Qc3 a5 25. Rd2 Rxd2 26. Qxd2 a4 27. f3
Qe5 28. Rd1 b5 29. e4 axb3 30. axb3 Ra3 31. Rb1 Kh7 32. Ne2 b4 33. Qd7 Ba6 34.
Ng3 Qd4+ 35. Qxd4 cxd4 36. Nf1 Bd3 37. Rd1 Rxb3 0-1

[Event "Bronshoj Lang Weekend 2015"]
[Site "Copenhagen"]
[Date "2015.02.08"]
[Round "4"]
[White "Holmsgaard, Henrik"]
[Black "Bojesen, Villads Ussing"]
[Result "1-0"]
[WhiteElo "2275"]
[BlackElo "1946"]
[PlyCount "57"]
[EventDate "2015.??.??"]
[EventType "swiss"]
[EventRounds "7"]
[EventCountry "DEN"]

1. e4 e5 2. Bc4 Nf6 3. d3 c6 4. Nf3 d5 5. Bb3 Bb4+ 6. Bd2 Bxd2+ 7. Nbxd2 Nbd7
8. O-O O-O 9. Re1 Re8 10. a3 dxe4 11. Ng5 Re7 12. Ndxe4 h6 13. Nf3 Nxe4 14.
dxe4 Qc7 15. Nh4 Nc5 16. Bc4 Be6 17. Bxe6 Nxe6 18. Qg4 Kh7 19. Rad1 g6 20. Nf3
Nc5 21. h4 Nd7 22. h5 Rd8 23. hxg6+ fxg6 24. Qh4 Ree8 25. Nh2 Kg7 26. Ng4 Rh8
27. Qe7+ Kg8 28. Nf6+ Nxf6 29. Rxd8+ 1-0

[Event "Bronshoj Lang Weekend 2015"]
[Site "Copenhagen"]
[Date "2015.02.08"]
[Round "4"]
[White "Jacobsen, Mikkel Manosri"]
[Black "Olsen, Michael Richard W"]
[Result "1-0"]
[WhiteElo "2145"]
[BlackElo "2003"]
[PlyCount "63"]
[EventDate "2015.??.??"]
[EventType "swiss"]
[EventRounds "7"]
[EventCountry "DEN"]

1. d4 a6 2. Bf4 Nf6 3. e3 g6 4. h3 Bg7 5. Nf3 d6 6. Be2 O-O 7. O-O Nbd7 8. c4
Nh5 9. Bh2 Bh8 10. Nc3 e6 11. b4 Qe7 12. Qb3 b6 13. a4 Bb7 14. a5 bxa5 15. Rxa5
Nhf6 16. Rfa1 Rfb8 17. R1a3 Ne8 18. Qa2 Qd8 19. Bg3 Bf6 20. e4 Qc8 21. h4 Bd8
22. c5 c6 23. R5a4 Bc7 24. d5 exd5 25. exd5 dxc5 26. dxc6 Bxc6 27. Ng5 Nef6 28.
Qxf7+ Kh8 29. Bxc7 Qf8 30. Bxb8 cxb4 31. Qxf8+ Nxf8 32. Rxb4 1-0

[Event "Bronshoj Lang Weekend 2015"]
[Site "Copenhagen"]
[Date "2015.02.08"]
[Round "4"]
[White "Jorgensen, Mikkel"]
[Black "Tolba, Henri"]
[Result "1/2-1/2"]
[WhiteElo "1889"]
[BlackElo "1753"]
[PlyCount "34"]
[EventDate "2015.??.??"]
[EventType "swiss"]
[EventRounds "7"]
[EventCountry "DEN"]

1. e4 c5 2. Nf3 Nc6 3. d4 cxd4 4. Nxd4 e6 5. Nc3 a6 6. Be3 Qc7 7. Be2 b5 8. O-O
Nf6 9. Nxc6 dxc6 10. Bf3 Bb7 11. Qe2 Bd6 12. g3 O-O 13. Rad1 c5 14. Bc1 Bc6 15.
Rfe1 Be5 16. Nb1 Rad8 17. Nd2 c4 1/2-1/2

[Event "Bronshoj Lang Weekend 2015"]
[Site "Copenhagen"]
[Date "2015.02.08"]
[Round "4"]
[White "Karlsson, Ulf"]
[Black "Pedersen, Jan Nordenbaek"]
[Result "1-0"]
[WhiteElo "2000"]
[BlackElo "2198"]
[PlyCount "67"]
[EventDate "2015.??.??"]
[EventType "swiss"]
[EventRounds "7"]
[EventCountry "DEN"]

1. e4 c5 2. Nc3 Nc6 3. g3 g6 4. Bg2 Bg7 5. d3 e6 6. f4 Nge7 7. Nf3 d6 8. O-O
O-O 9. Be3 Nd4 10. e5 Nef5 11. Bf2 Nxf3+ 12. Qxf3 Nd4 13. Qd1 dxe5 14. fxe5
Bxe5 15. Ne4 f5 16. Nxc5 f4 17. gxf4 Bxf4 18. c3 Nf5 19. Qb3 Qd6 20. Ne4 Bxh2+
21. Kh1 Qc7 22. Ng5 Re8 23. Rae1 Be5 24. d4 Qd8 25. Rxe5 Qxg5 26. Rfe1 Qf4 27.
Kg1 Rf8 28. R1e2 Qc1+ 29. Re1 Qf4 30. R1e2 Rb8 31. d5 exd5 32. Qxd5+ Kg7 33.
R5e4 Qc1+ 34. Re1 1-0

[Event "Bronshoj Lang Weekend 2015"]
[Site "Copenhagen"]
[Date "2015.02.08"]
[Round "4"]
[White "Kokholm, Daniel"]
[Black "Gulbrandsen, Mats Lundh"]
[Result "1-0"]
[WhiteElo "1890"]
[BlackElo "1618"]
[PlyCount "81"]
[EventDate "2015.??.??"]
[EventType "swiss"]
[EventRounds "7"]
[EventCountry "DEN"]

1. d4 Nf6 2. Nc3 d5 3. e4 dxe4 4. f3 exf3 5. Nxf3 g6 6. Bf4 a6 7. h3 c6 8. Qd2
Nd5 9. Bc4 Bg7 10. Bh6 O-O 11. h4 Nf6 12. Bxg7 Kxg7 13. O-O-O h5 14. Rde1 Bf5
15. Ne5 Ng4 16. Nxg4 Bxg4 17. Be2 Bxe2 18. Nxe2 Qd5 19. Nc3 Qd8 20. g4 Rh8 21.
g5 b5 22. Qe3 b4 23. Na4 Re8 24. Rhf1 Nd7 25. Qf3 Rf8 26. Qxc6 Qc8 27. Qxc8
Raxc8 28. Rxe7 Nb8 29. Nc5 Kg8 30. c3 bxc3 31. bxc3 Rce8 32. Rfe1 Rxe7 33. Rxe7
f6 34. Ne6 Rf7 35. Re8+ Kh7 36. Rxb8 f5 37. Kd2 f4 38. Rf8 Rxf8 39. Nxf8+ Kg7
40. Ne6+ Kf7 41. Nxf4 1-0

[Event "Bronshoj Lang Weekend 2015"]
[Site "Copenhagen"]
[Date "2015.02.08"]
[Round "4"]
[White "Kristensen, Lars Ostergaard"]
[Black "Hansen, John Laurids"]
[Result "1/2-1/2"]
[WhiteElo "1660"]
[BlackElo "1876"]
[PlyCount "180"]
[EventDate "2015.??.??"]
[EventType "swiss"]
[EventRounds "7"]
[EventCountry "DEN"]

1. d4 Nf6 2. c4 g6 3. Nc3 d5 4. Nf3 Bg7 5. Qb3 c6 6. cxd5 cxd5 7. Bf4 a6 8. e3
Nc6 9. Bd3 O-O 10. Rc1 e6 11. h3 Na5 12. Qb4 Re8 13. Na4 Bf8 14. Qb6 Bd7 15.
Qxd8 Raxd8 16. Nc5 Rc8 17. O-O Bb5 18. Bxb5 axb5 19. Nd3 Nc4 20. Rfe1 Ra8 21.
a3 Rec8 22. Re2 Nd6 23. Rec2 Rxc2 24. Rxc2 Nc4 25. Rc3 Ne4 26. Rb3 Ncd6 27. Ng5
Nd2 28. Rc3 h6 29. Nf3 Nxf3+ 30. gxf3 Nc4 31. Rc2 g5 32. Bg3 Rc8 33. b3 Nb6 34.
Rxc8 Nxc8 35. a4 bxa4 36. bxa4 Nb6 37. a5 Nc4 38. Bc7 Be7 39. Nc5 Bd6 40. Bxd6
Nxd6 41. e4 Nb5 42. Nxb7 Nxd4 43. a6 Nb5 44. Nd6 Na7 45. exd5 exd5 46. Nf5 Kf8
47. Nxh6 Ke7 48. Kf1 Ke6 49. Ke2 f6 50. Ng4 f5 51. Ne3 Ke5 52. Kd3 Nb5 53. Nc2
Na7 54. Ke3 Nb5 55. Nb4 f4+ 56. Kd3 Kd6 57. Kc2 Kc5 58. Kb3 d4 59. Nd3+ Kb6 60.
Kc4 Kxa6 61. Kd5 Kb6 62. Ke5 Nc3 63. Kxd4 Ne2+ 64. Ke4 Ng1 65. Kf5 Nxh3 66. Kg4
Ng1 67. Ne5 Kc5 68. Nf7 Kd5 69. Nxg5 Ne2 70. Kf5 Kd6 71. Nh3 Ke7 72. Nxf4 Nd4+
73. Kg4 Kf6 74. Nd5+ Ke5 75. Ne3 Kf6 76. f4 Kg6 77. f5+ Kf6 78. f4 Nc6 79. Nd5+
Kf7 80. Kg5 Nd8 81. Nc7 Nc6 82. f6 Nd4 83. Nd5 Nf3+ 84. Kf5 Nd4+ 85. Ke5 Nc6+
86. Kd6 Nd4 87. Ne3 Ne6 88. Ng4 Nxf4 89. Ke5 Ng6+ 90. Kf5 Ne7+ 1/2-1/2

[Event "Bronshoj Lang Weekend 2015"]
[Site "Copenhagen"]
[Date "2015.02.08"]
[Round "4"]
[White "Kyrkjebo, Eirik"]
[Black "Pedersen, Thorben Landstrom"]
[Result "0-1"]
[WhiteElo "1636"]
[BlackElo "1650"]
[PlyCount "74"]
[EventDate "2015.??.??"]
[EventType "swiss"]
[EventRounds "7"]
[EventCountry "DEN"]

1. e4 e5 2. Nf3 d6 3. Bc4 Bg4 4. d3 Qf6 5. Be3 Bxf3 6. gxf3 Ne7 7. Nc3 Ng6 8.
Nd5 Qd8 9. Rg1 c6 10. Nc3 Be7 11. Qd2 Nh4 12. Rg3 Ng6 13. f4 exf4 14. Bxf4 Nd7
15. O-O-O Bh4 16. Rf3 d5 17. exd5 Nxf4 18. Re1+ Kf8 19. dxc6 Bg5 20. Rxf4 Bxf4
21. Qxf4 Qf6 22. Qxf6 Nxf6 23. cxb7 Rb8 24. Ba6 Ne8 25. Nd5 h5 26. c4 Rh6 27.
Nb4 Nc7 28. Bb5 Rxb7 29. a4 g5 30. d4 a6 31. d5 axb5 32. axb5 Nxb5 33. Kd2 Nd6
34. Kc3 Rf6 35. Re2 Nxc4 36. Re4 Nd6 37. Re2 Rxf2 0-1

[Event "Bronshoj Lang Weekend 2015"]
[Site "Copenhagen"]
[Date "2015.02.08"]
[Round "4"]
[White "Kyrkjebo, Hanna Bakken"]
[Black "Eriksson, Christian Altenburg"]
[Result "1/2-1/2"]
[WhiteElo "1815"]
[BlackElo "2147"]
[PlyCount "168"]
[EventDate "2015.??.??"]
[EventType "swiss"]
[EventRounds "7"]
[EventCountry "DEN"]

1. e4 c5 2. Nc3 Nc6 3. Bb5 e5 4. Bxc6 bxc6 5. d3 d6 6. Nge2 Bg4 7. O-O Ne7 8.
f3 Bh5 9. Ng3 Bg6 10. f4 exf4 11. Bxf4 f6 12. Qe2 Bf7 13. Rae1 Ng6 14. Bd2 Ne5
15. Nh5 Qc8 16. Qd1 Qg4 17. Qxg4 Nxg4 18. Ng3 Ne5 19. Nf5 Be6 20. Ne2 g6 21.
Nfg3 Be7 22. Bc3 Rf8 23. Nf4 Bg8 24. b3 Kd7 25. Nh3 Be6 26. Nf4 Bg8 27. Nh3
Rae8 28. Kh1 Bd8 29. Ng1 Be6 30. Nf3 Bg4 31. Nxe5+ fxe5 32. h3 Be6 33. Bd2 Bh4
34. Kh2 Ke7 35. Rd1 Rf7 36. Rxf7+ Kxf7 37. Rf1+ Ke7 38. Ne2 Rd8 39. Be3 Rb8 40.
c4 Ke8 41. Nc3 Bd8 42. Bh6 Be7 43. Be3 Rd8 44. Na4 Kd7 45. Rf3 Rg8 46. Rf1 h5
47. g3 g5 48. Kg2 Rg7 49. Kh2 Bg8 50. Kg2 Bh7 51. Nc3 Ke8 52. Kh2 Bd8 53. Na4
Ba5 54. Rf6 Kd7 55. Bxg5 Bd8 56. Rxd6+ Kxd6 57. Bxd8 Bg8 58. Kg2 Be6 59. Ba5 h4
60. g4 Bxg4 61. hxg4 Rxg4+ 62. Kh3 Rg3+ 63. Kxh4 Rxd3 64. Kg4 Re3 65. Nc3 Ke6
66. Kg5 Rg3+ 67. Kh4 Rg2 68. Kh3 Rg1 69. Na4 Kd6 70. Nc3 Ra1 71. Kg4 Rf1 72.
Kg3 Rf4 73. Kg2 Rf7 74. Kg3 Rf8 75. Kg2 Rg8+ 76. Kf2 Rh8 77. Kg2 Rh4 78. Kg3
Rh1 79. Kg2 Ra1 80. Kg3 Kd7 81. Kg4 Ke6 82. Kg3 Kf7 83. Bc7 Kf6 84. Ba5 Ke6
1/2-1/2

[Event "Bronshoj Lang Weekend 2015"]
[Site "Copenhagen"]
[Date "2015.02.08"]
[Round "4"]
[White "Mikkelsen, Nikolaj"]
[Black "Bekker Jensen, Simon"]
[Result "1/2-1/2"]
[WhiteElo "2447"]
[BlackElo "2452"]
[PlyCount "40"]
[EventDate "2015.??.??"]
[EventType "swiss"]
[EventRounds "7"]
[EventCountry "DEN"]

1. e4 c5 2. b3 Nc6 3. Bb2 e5 4. Bc4 Nf6 5. d3 Be7 6. Nc3 d6 7. Nge2 O-O 8. O-O
a6 9. a4 Rb8 10. Qd2 Nd7 11. Bd5 Bg5 12. f4 exf4 13. Nxf4 Nde5 14. Nce2 Ne7 15.
d4 Nxd5 16. dxe5 Nxf4 17. Nxf4 dxe5 18. Qxd8 Rxd8 19. Bxe5 Bxf4 20. Bxf4 Ra8
1/2-1/2

[Event "Bronshoj Lang Weekend 2015"]
[Site "Copenhagen"]
[Date "2015.02.08"]
[Round "4"]
[White "Nielsen, Klaus"]
[Black "Tandrup, Michael"]
[Result "1-0"]
[WhiteElo "2094"]
[BlackElo "1958"]
[PlyCount "119"]
[EventDate "2015.??.??"]
[EventType "swiss"]
[EventRounds "7"]
[EventCountry "DEN"]

1. e4 g6 2. d4 Bg7 3. c3 d6 4. Be3 a6 5. Nd2 Nd7 6. Be2 e5 7. dxe5 Nxe5 8. f4
Ng4 9. Nf1 Nxe3 10. Nxe3 Ne7 11. Qc2 f5 12. O-O-O Be6 13. Nf3 Qd7 14. Ng5 O-O-O
15. e5 h6 16. Nxe6 Qxe6 17. Bc4 d5 18. Bb3 c5 19. c4 d4 20. Nd5 h5 21. h4 Kb8
22. Kb1 Rc8 23. Rh3 Rhd8 24. Rg3 Nc6 25. a3 Bf8 26. Nf6 Qf7 27. Nd5 Qe6 28. Ba4
Ne7 29. Bb3 Nc6 30. Nb6 Rc7 31. Nd5 Rcc8 32. Rgd3 Be7 33. Qf2 Bf8 34. Re1 Be7
35. Rh1 Rg8 36. Rc1 Bd8 37. g3 Ka7 38. Qg2 Nb8 39. Bd1 Nc6 40. Bf3 Rg7 41. Kc2
b6 42. Kd1 a5 43. Qc2 Kb8 44. Qa4 Na7 45. Rb3 Rb7 46. Nf6 b5 47. cxb5 c4 48.
Bd5 Qb6 49. Rxc4 Bxf6 50. Bxb7 Qxb7 51. Rxc8+ Nxc8 52. exf6 Qh1+ 53. Kc2 Qg2+
54. Kb1 Qe4+ 55. Ka1 Nb6 56. Qxa5 Nc4 57. Qd8+ Kb7 58. Qd7+ Kb8 59. f7 Qe1+ 60.
Ka2 1-0

[Event "Bronshoj Lang Weekend 2015"]
[Site "Copenhagen"]
[Date "2015.02.08"]
[Round "4"]
[White "Nielsen, Thomas Bach"]
[Black "Moller, Arne"]
[Result "1-0"]
[WhiteElo "2198"]
[BlackElo "1904"]
[PlyCount "77"]
[EventDate "2015.??.??"]
[EventType "swiss"]
[EventRounds "7"]
[EventCountry "DEN"]

1. d4 Nf6 2. c4 e6 3. Nc3 c5 4. d5 exd5 5. cxd5 d6 6. e4 g6 7. f4 Bg7 8. e5
dxe5 9. fxe5 Ng4 10. e6 O-O 11. Qxg4 fxe6 12. Nf3 exd5 13. Qg5 Qe8+ 14. Be2 Rf5
15. Qd2 d4 16. Nb5 Qe7 17. a4 Nc6 18. O-O a6 19. Na3 Be6 20. Bd3 Rff8 21. Qe2
Rae8 22. Bd2 Qd7 23. Bc4 Bd5 24. Bxd5+ Qxd5 25. Qc4 Qxc4 26. Nxc4 b5 27. axb5
axb5 28. Nd6 Rb8 29. Ng5 h6 30. Ne6 Rxf1+ 31. Rxf1 Be5 32. Nf7 Re8 33. Nxh6+
Kh7 34. Nxc5 Bg7 35. Nf7 b4 36. Ne6 Re7 37. Nfg5+ Kg8 38. Rc1 Ne5 39. Rc8+ 1-0

[Event "Bronshoj Lang Weekend 2015"]
[Site "Copenhagen"]
[Date "2015.02.08"]
[Round "4"]
[White "Nielsen, Thomas"]
[Black "O'hayv, Nikolaj Benjamin"]
[Result "0-1"]
[WhiteElo "1632"]
[BlackElo "1890"]
[PlyCount "48"]
[EventDate "2015.??.??"]
[EventType "swiss"]
[EventRounds "7"]
[EventCountry "DEN"]

1. c4 e5 2. b3 Nc6 3. Bb2 f5 4. e3 d6 5. Ne2 Nf6 6. d4 e4 7. d5 Ne5 8. Nd4 g6
9. h3 Bg7 10. Be2 O-O 11. Nc3 Qe7 12. Qc2 a6 13. O-O-O Bd7 14. g4 fxg4 15. hxg4
Nexg4 16. Bxg4 Nxg4 17. Nxe4 Nxf2 18. Ne6 Bxb2+ 19. Kxb2 Nxd1+ 20. Qxd1 Bxe6
21. dxe6 Qxe6 22. Qd3 Rae8 23. Nc3 c6 24. Rh4 Qxe3 0-1

[Event "Bronshoj Lang Weekend 2015"]
[Site "Copenhagen"]
[Date "2015.02.08"]
[Round "4"]
[White "Nielsen, Viktor"]
[Black "Fries Nielsen, Niels Jorgen"]
[Result "0-1"]
[WhiteElo "2202"]
[BlackElo "2324"]
[PlyCount "88"]
[EventDate "2015.??.??"]
[EventType "swiss"]
[EventRounds "7"]
[EventCountry "DEN"]

1. e4 d6 2. d4 a6 3. Nc3 b5 4. Nf3 Bb7 5. Bd3 Nd7 6. O-O e5 7. d5 Ngf6 8. Re1
Be7 9. a4 b4 10. Na2 a5 11. c3 bxc3 12. Nxc3 O-O 13. Bb5 Nc5 14. Nd2 Nfd7 15.
Qc2 Bg5 16. Nc4 Nb6 17. Be3 Bxe3 18. Rxe3 Nxc4 19. Bxc4 Bc8 20. Bb5 Bd7 21.
Bxd7 Qxd7 22. Nb5 Rfb8 23. b3 h6 24. h3 Rb6 25. Rc3 Rab8 26. Rxc5 dxc5 27. Qxc5
c6 28. dxc6 Qxc6 29. Qxe5 Re8 30. Qd5 Rxe4 31. Qd8+ Re8 32. Qd2 Qe4 33. Qxa5
Rg6 34. g3 h5 35. Qc3 h4 36. g4 Rc6 37. Qe3 Qxe3 38. fxe3 Rxe3 39. Nd4 Rg3+ 40.
Kf2 Rf6+ 41. Ke2 Rd6 42. a5 Rxd4 43. a6 Rd8 44. a7 Ra8 0-1

[Event "Bronshoj Lang Weekend 2015"]
[Site "Copenhagen"]
[Date "2015.02.08"]
[Round "4"]
[White "Nilssen, Ellen Fredericia"]
[Black "Fredericia, Louise Winther"]
[Result "0-1"]
[WhiteElo "1795"]
[BlackElo "2064"]
[PlyCount "70"]
[EventDate "2015.??.??"]
[EventType "swiss"]
[EventRounds "7"]
[EventCountry "DEN"]

1. d4 g6 2. c4 Bg7 3. Nc3 d6 4. Bg5 h6 5. Bh4 g5 6. Bg3 f5 7. e3 Nf6 8. Be2
Nbd7 9. Nf3 Nf8 10. Ne5 h5 11. h4 dxe5 12. dxe5 Qxd1+ 13. Rxd1 Ng4 14. hxg5 c6
15. Rd2 Be6 16. b3 h4 17. Rxh4 Rxh4 18. Bxh4 Bxe5 19. Nd1 Ng6 20. Bxg4 fxg4 21.
Bg3 Bxg3 22. fxg3 Rd8 23. Nf2 Ne5 24. Rxd8+ Kxd8 25. Ke2 Kc7 26. Nd3 Nxd3 27.
Kxd3 Bf5+ 28. e4 Bg6 29. Kd4 Kd6 30. c5+ Ke6 31. b4 a6 32. a3 Bh7 33. a4 Bg6
34. a5 Bh7 35. Ke3 Ke5 0-1

[Event "Bronshoj Lang Weekend 2015"]
[Site "Copenhagen"]
[Date "2015.02.08"]
[Round "4"]
[White "Petersen, Peter Birk"]
[Black "Andersen, Rune"]
[Result "1-0"]
[WhiteElo "2158"]
[BlackElo "2056"]
[PlyCount "55"]
[EventDate "2015.??.??"]
[EventType "swiss"]
[EventRounds "7"]
[EventCountry "DEN"]

1. c4 e5 2. Nc3 Bb4 3. g3 Nf6 4. Bg2 O-O 5. Nf3 d6 6. O-O Bxc3 7. bxc3 c5 8. d3
h6 9. Ne1 Nc6 10. Rb1 Qc7 11. Nc2 Rb8 12. Ne3 Ne7 13. f4 Ng4 14. Nxg4 Bxg4 15.
h3 Be6 16. g4 exf4 17. Bxf4 g5 18. Bh2 f5 19. e3 b6 20. gxf5 Nxf5 21. Qh5 Kg7
22. Be4 Qe7 23. Bxf5 Rxf5 24. e4 Rxf1+ 25. Rxf1 b5 26. e5 d5 27. Rf6 Rb7 28.
Qxh6+ 1-0

[Event "Bronshoj Lang Weekend 2015"]
[Site "Copenhagen"]
[Date "2015.02.08"]
[Round "4"]
[White "Semcesen, Daniel"]
[Black "Aabling Thomsen, Jakob"]
[Result "1-0"]
[WhiteElo "2466"]
[BlackElo "2327"]
[PlyCount "113"]
[EventDate "2015.??.??"]
[EventType "swiss"]
[EventRounds "7"]
[EventCountry "DEN"]

1. d4 g6 2. c4 Bg7 3. Nc3 d6 4. Nf3 e5 5. Bg5 f6 6. Bd2 Nc6 7. d5 Nce7 8. e4 f5
9. Bd3 Nf6 10. Qc2 O-O 11. exf5 gxf5 12. Nh4 Kh8 13. O-O Bd7 14. f4 e4 15. Be2
Neg8 16. g3 Nh6 17. Nd1 c6 18. Ne3 cxd5 19. cxd5 Qb6 20. Kh1 Rfc8 21. Qb3 Qd4
22. Qb4 Ne8 23. Rab1 b5 24. Rfd1 a5 25. Qxd4 Bxd4 26. Nhg2 Bg7 27. Be1 Kg8 28.
h3 Kh8 29. g4 fxg4 30. hxg4 Ng8 31. Bg3 Rc5 32. f5 a4 33. a3 Nh6 34. Nf4 Be5
35. Kg2 Nf7 36. Rd2 Rb8 37. Rh1 Kg8 38. Ne6 Rcc8 39. g5 Bxg3 40. Kxg3 Bxe6 41.
dxe6 Nxg5 42. Kf4 Nf3 43. Bxf3 exf3 44. Nd5 Rc5 45. Kxf3 Kh8 46. f6 Nxf6 47.
Nxf6 Rf5+ 48. Ke4 Rxf6 49. Rxd6 Re8 50. Kd5 Re7 51. Re1 h5 52. Rd8+ Kg7 53. Kd6
Ref7 54. Rd7 Rxd7+ 55. Kxd7 Rf2 56. e7 Rd2+ 57. Ke6 1-0

[Event "Bronshoj Lang Weekend 2015"]
[Site "Copenhagen"]
[Date "2015.02.08"]
[Round "4"]
[White "Surender, Anil"]
[Black "Moe, Mogens"]
[Result "1-0"]
[WhiteElo "2062"]
[BlackElo "2183"]
[PlyCount "77"]
[EventDate "2015.??.??"]
[EventType "swiss"]
[EventRounds "7"]
[EventCountry "DEN"]

1. e4 c5 2. Nf3 e6 3. d3 Nc6 4. g3 g6 5. Bg2 Bg7 6. O-O Nge7 7. Nbd2 O-O 8. Re1
Qc7 9. a4 d5 10. h4 h6 11. c3 Rd8 12. Qe2 b6 13. e5 Ba6 14. Nf1 Nb8 15. N1h2
Nd7 16. Bf4 Qc6 17. Qd2 Kh7 18. b4 b5 19. c4 bxc4 20. b5 Bxb5 21. axb5 Qxb5 22.
Reb1 Qc6 23. dxc4 Nb6 24. cxd5 exd5 25. Re1 a5 26. Ng4 Nc4 27. Qc1 Nf5 28. Bxh6
Bxh6 29. Nxh6 Nxh6 30. Ng5+ Kg7 31. Qxc4 Rac8 32. Qf4 Qc7 33. Qf6+ Kg8 34. e6
Rd6 35. Nxf7 Nxf7 36. exf7+ Kf8 37. Re8+ Rxe8 38. fxe8=R+ Kxe8 39. Re1+ 1-0

[Event "Bronshoj Lang Weekend 2015"]
[Site "Copenhagen"]
[Date "2015.02.08"]
[Round "5"]
[White "Aabling Thomsen, Jakob"]
[Black "Mikkelsen, Nikolaj"]
[Result "0-1"]
[WhiteElo "2327"]
[BlackElo "2447"]
[PlyCount "130"]
[EventDate "2015.??.??"]
[EventType "swiss"]
[EventRounds "7"]
[EventCountry "DEN"]

1. d4 Nf6 2. Nf3 g6 3. Nbd2 d5 4. e3 Bg7 5. c4 O-O 6. Be2 dxc4 7. Nxc4 c5 8.
O-O Nc6 9. h3 cxd4 10. exd4 Be6 11. Bf4 Rc8 12. Rc1 Nd5 13. Bg3 Bh6 14. Ra1 Nc7
15. Ne3 Nd5 16. Ng4 Bg7 17. Nge5 Nf6 18. Nxc6 Rxc6 19. Be5 Bd5 20. Qa4 a6 21.
Rac1 Bh6 22. Rxc6 Bxc6 23. Qa3 Bd5 24. Nh2 Re8 25. Re1 Qd7 26. Bg4 Qc6 27. Bf3
Bxf3 28. Nxf3 Nd5 29. Nh2 f6 30. Bg3 Qc4 31. Nf3 Kf7 32. h4 Nb4 33. b3 Qb5 34.
Rf1 Rc8 35. d5 Nxd5 36. Qb2 Qd3 37. Re1 Nc3 38. Qa3 Ne2+ 39. Kh2 Rc1 40. Rxc1
Bxc1 41. Qb4 Nxg3 42. fxg3 Qd5 43. Qb6 Ba3 44. Qf2 Kg7 45. g4 Bd6+ 46. g3 Qe4
47. Kh3 Qe6 48. Nd4 Qd7 49. Nf3 h5 50. Nh2 e5 51. Qe2 hxg4+ 52. Nxg4 f5 53. Nh2
e4 54. Qb2+ Kh7 55. Kg2 Bf8 56. Nf1 Bh6 57. Qf6 e3 58. h5 gxh5 59. Nh2 Qc6+ 60.
Qxc6 bxc6 61. Nf3 f4 62. Ne5 e2 63. Nd3 fxg3 64. Kxg3 Bd2 65. Kh4 Kh6 0-1

[Event "Bronshoj Lang Weekend 2015"]
[Site "Copenhagen"]
[Date "2015.02.08"]
[Round "5"]
[White "Andersen, Rune"]
[Black "Andersen, Daniel"]
[Result "1-0"]
[WhiteElo "2056"]
[BlackElo "1930"]
[PlyCount "67"]
[EventDate "2015.??.??"]
[EventType "swiss"]
[EventRounds "7"]
[EventCountry "DEN"]

1. d4 Nf6 2. c4 g6 3. Nc3 d5 4. Nf3 Bg7 5. e3 O-O 6. cxd5 Nxd5 7. Bc4 Nxc3 8.
bxc3 c5 9. O-O cxd4 10. cxd4 Nc6 11. Bb2 Na5 12. Bd3 a6 13. Qe2 Be6 14. e4 Bg4
15. Rfd1 Rc8 16. d5 Bxf3 17. gxf3 Bxb2 18. Qxb2 b5 19. Rac1 Nc4 20. Bxc4 Rxc4
21. Rxc4 bxc4 22. Qc3 Qc7 23. e5 Rd8 24. Kg2 Qc5 25. Rd4 Rxd5 26. Rxc4 Qa5 27.
Rc8+ Kg7 28. Qb2 Rd2 29. Qb8 Qxa2 30. Rg8+ Kh6 31. Qb6 Qa3 32. Ra8 Qc3 33. e6
Rd6 34. Qxd6 1-0

[Event "Bronshoj Lang Weekend 2015"]
[Site "Copenhagen"]
[Date "2015.02.08"]
[Round "5"]
[White "Andersen, Soren Mikkel"]
[Black "Holmsgaard, Henrik"]
[Result "0-1"]
[WhiteElo "2119"]
[BlackElo "2275"]
[PlyCount "50"]
[EventDate "2015.??.??"]
[EventType "swiss"]
[EventRounds "7"]
[EventCountry "DEN"]

1. d4 d5 2. c4 c6 3. Nf3 Nf6 4. Nc3 dxc4 5. a4 Bf5 6. Ne5 e6 7. f3 c5 8. e4 Bg6
9. Be3 cxd4 10. Qxd4 Qxd4 11. Bxd4 Nfd7 12. Nb5 Nxe5 13. Nc7+ Kd8 14. Bxe5 Nd7
15. O-O-O Rc8 16. Nb5 f6 17. Bg3 a6 18. Nd6 Bxd6 19. Rxd6 Ke7 20. Be2 Nc5 21.
Rhd1 Be8 22. Kb1 Bxa4 23. R1d4 e5 24. R4d5 Bc6 25. Rd1 Nd3 0-1

[Event "Bronshoj Lang Weekend 2015"]
[Site "Copenhagen"]
[Date "2015.02.08"]
[Round "5"]
[White "Bojesen, Villads Ussing"]
[Black "O'hayv, Nikolaj Benjamin"]
[Result "1/2-1/2"]
[WhiteElo "1946"]
[BlackElo "1890"]
[PlyCount "42"]
[EventDate "2015.??.??"]
[EventType "swiss"]
[EventRounds "7"]
[EventCountry "DEN"]

1. e4 e5 2. Nf3 Nc6 3. Bb5 a6 4. Ba4 Nf6 5. d3 b5 6. Bb3 Be7 7. O-O d6 8. a4
Bg4 9. c3 O-O 10. Re1 b4 11. a5 Rb8 12. Nbd2 bxc3 13. bxc3 Na7 14. h3 Bh5 15.
Qc2 c5 16. Bc4 Nb5 17. Bb2 Qc7 18. Nh2 Bg6 19. Nhf1 Nh5 20. Ne3 Nf4 21. Nd5
Nxd5 1/2-1/2